000 00348nam a2200133Ia 4500
008 240112s1968 JULY xx 000 0 und d
041 _aeng
082 _a618.9203
100 _aA. ASHLEY WEECH
245 _aAMERICAN JOURNAL OF DISEASES OF CHILDREN
260 _bAMERICAN MEDICAL ASS. PUB.
_c1968 JULY
300 _a706,HB
440 _v116
999 _c1141767
_d1141767